European Cities Losing the Most People to the Black Death - Statistics

General Stats
  • This quiz has been taken 20 times
    1 since last reset
  • The average score is 10 of 12
Answer Stats
Population Prior to Plague Deaths Mortality Rate City % Correct
95,000 55,000 58% Florence Fiorenza
100%
100,000 50,000 50% Istanbul Konstantinoupolis
100%
45,000 23,000 50% Lisbon Lisabona
100%
60,000 26,000 43% London
100%
150,000 23,000 15% Milan Meilano
100%
50,000 25,000 50% Naples Napole
100%
50,000 25,000 50% Palermo
100%
215,000 100,000 50% Paris
100%
90,000 45,000 50% Seville Sibillia
100%
100,000 50,000 50% Venice Venetia
100%
100,000 33,000 33% Granada Garnatah
0%
100,000 40,000 40% Sarai Saray-Berke
0%
No matching quizzes found
Score Distribution
Percent of People with Each Score
Percentile by Number Answered
Your Score History
You have not taken this quiz since the last reset